000 00779nas a22002173i 4500
001 80636
003 BD-RjUL
005 20221027093952.0
008 221027u1978uuuupk mr p 0 0urd d
035 _a(BD-RjUL)80636
040 _aUkOxU
_beng
_erda
_cUkOxU
041 _aurd
082 _223
_a297.18
_bMUS 1978
100 _aMullā Vajhī # # ملّا وجهى
_95519
245 0 0 _a سب رس : ىعنى قصۂ حسن و دل / Sab ras : yaʻnī qiṣṣah-yi ḥusn o dil
_cتصنف ملّا وجهى ## .taṣannif Mullā Vajhī
264 1 _aLahore, Pākistān :
_bAshrat Pab.,,
_c[1978]-
300 _a239 p. ; ;
_c23 cm
588 _aDescription based on: Jild 5 shumārah 4,5 (Mārc - Aprīl 1982)
650 _a[Urdu Literature]
_vStory
_xIslam
_95520
942 _2ddc
_cBK
999 _c80636
_d80636